Financial accounting (Record no. 63049)

MARC details
000 -LEADER
fixed length control field 00741nam a2200169 a 4500
008 - FIXED-LENGTH DATA ELEMENTS--GENERAL INFORMATION
fixed length control field 120416s1990 ||||||||||||||||| || u
020 ## - INTERNATIONAL STANDARD BOOK NUMBER
International Standard Book Number 1870941683
050 ## - LIBRARY OF CONGRESS CALL NUMBER
Classification number HF 5635 Jen
100 ## - MAIN ENTRY--PERSONAL NAME
Personal name Jennings, Alan Robert
245 10 - TITLE STATEMENT
Title Financial accounting
246 ## -
-- solutions manual, a companion to financial accounting
260 ## - PUBLICATION, DISTRIBUTION, ETC.
Place of publication, distribution, etc. London
Name of publisher, distributor, etc. ELBS/DP publications
Date of publication, distribution, etc. 1990
300 ## - PHYSICAL DESCRIPTION
Extent vi, 625p. : ill.
350 ## -
-- 0.00
995 ## -
-- MAIN LIBRARY OPEN ACCESS
-- 0.00
-- 722820
-- CBU-MAIN LIBRARY (Kitwe)
-- 1
-- 0.00
-- HF 5635 Jen
-- 2
-- AVAILABLE
-- Oct 9, 2006
-- 020269
-- Main Library Open Access Collection
995 ## -
-- BINDERY (DAMAGED)
-- 0.00
-- 722826
-- CBU-MAIN LIBRARY (Kitwe)
-- 1
-- 7.95
-- HF 5635 Jen
-- 1
-- DAMAGED
-- 006411
-- Main Library Open Access Collection
999 ## -
-- 63049
-- 63049
Holdings
Withdrawn status Lost status Source of classification or shelving scheme Damaged status Not for loan Permanent Location Current Location Shelving location Date acquired Total Checkouts Full call number Barcode Date last seen Price effective from Koha item type
          CBU-MAIN LIBRARY, KITWE. CBU-MAIN LIBRARY, KITWE.   12/24/2022   HF 5635 Jen 020269 12/24/2022 12/24/2022 MONOGRAPH
          CBU-MAIN LIBRARY, KITWE. CBU-MAIN LIBRARY, KITWE.   12/24/2022   HF 5635 Jen 006411 12/24/2022 12/24/2022 MONOGRAPH